| 000 | 00834nam a22002297a 4500 | ||
|---|---|---|---|
| 999 |
_c5163 _d5163 |
||
| 003 | AR-CdUCM | ||
| 008 | 190312b ||||| |||| 00| 0 eng d | ||
| 040 |
_aMUNICIPALIDAD PROVINCIAL DEL CUSCO _cBIBLIOTECA MUNICIPAL DEL CUSCO |
||
| 041 | _heng | ||
| 082 |
_a794.1 / _bH22 |
||
| 100 |
_aHarley, Brian _915679 |
||
| 245 | _aEl ajedrez como diversión / | ||
| 260 |
_aMéxico D.F., _bContinental, _c1966. |
||
| 300 |
_a152 páginas ; _bIlustraciones, _c22 cm. |
||
| 505 | _aLas piezas del tablero y las formas de hacer anotaciones -- Las jugadas -- Características de las piezas -- Ataque y defensa -- El mate y mate ahogado... | ||
| 650 |
_aAjedrez _93993 |
||
| 650 |
_aJuegos de mesa _915680 |
||
| 650 |
_aentretenimiento _915681 |
||
| 700 |
_aTraducido por Alfonso Vasseur Walls _915682 |
||
| 942 |
_2ddc _cLIBROS |
||
| 945 | _admma | ||